| 000 | 00863nam a2200241Ia 4500 | ||
|---|---|---|---|
| 003 | GCL | ||
| 008 | 140319s9999 xx 000 0 ara d | ||
| 040 |
_aGCL / _cGCL |
||
| 082 | 0 | 4 |
_aم _b210.3 _bب م |
| 100 | 1 | _aعبدالرحمن عبدالله الشيخ | |
| 245 | 1 | 0 |
_aموجز دائرة المعارف الاسلامية / _cعبدالرحمن عبدالله الشيخ |
| 700 | 1 | _aخلف عبدالعظيم الميرى | |
| 700 | 1 | _aحسن حبشى | |
| 700 | 1 | _aهوتسما, م . ت | |
| 700 | 1 | _aارنولد، ت . و | |
| 700 | 1 | _aعبدالرحمن حسن عبيد | |
| 700 | 1 | _aبريل ،أ . جى | |
| 260 |
_aالامارات : _bمركز الشارقة للابداع الفكرى ، _c1997 |
||
| 300 |
_a30 مج ؛ _c20 سم |
||
| 650 | 0 | 4 | _aالاسلام |
| 650 | 0 | 4 | _aالاسلام - دوائر معارف |
| 942 |
_2ddc _cBK |
||
| 999 |
_c48031 _d48031 |
||